| 000 | 00423nam a2200193Ia 4500 | ||
|---|---|---|---|
| 005 | 20250423101048.0 | ||
| 008 | 250422s9999 xx 000 0 und d | ||
| 020 | _a9781259028991 | ||
| 050 | _aTA 549 .D84/ | ||
| 100 | _aDuggal, S. K. | ||
| 245 | 0 | _aSurveying - 2 | |
| 250 | _a4th ed. | ||
| 260 | _aNew Delhi | ||
| 260 | _bMcGraw hill | ||
| 260 | _c2013 | ||
| 300 | _a625 p | ||
| 650 | _aSurveying. | ||
| 942 | _cBK | ||
| 999 |
_c35170 _d35170 |
||